banner koha

Comportamento de cultivares de trigo (Triticum aestivum L.)conduzidos em regime de irrigacao, na regiao de Selviria-MS (Registro n. 131511)

MARC details
000 -LÍDER
campo de controle de tamanho fixo 00902nas a2200301 4500
001 - NÚMERO DE CONTROLE
campo de controle BR9201486
003 - IDENTIFICADOR DO NÚMERO DE CONTROLE
campo de controle BR-BrBNA
005 - DATA E HORÁRIO DA ÚLTIMA TRANSAÇÃO
campo de controle 20231205092417.0
007 - CAMPO FIXO DE DESCRIÇÃO FÍSICA--INFORMAÇÃO GERAL
campo de controle de tamanho fixo ta
008 - CAMPO DE DADOS FIXOS--INFORMAÇÃO GERAL
campo de controle de tamanho fixo 230509b bl.|||p| |||| 00| 00por d
040 ## - FONTE DA CATALOGAÇÃO
Instituição da catalogação original BR-BrBNA
Idioma da catalogação por
Instituição que transcreveu o registro Biblioteca Nacional de Agricultura
041 ## - CÓDIGO DE IDIOMA
Código do idioma do texto/trilha sonora ou título diferente (Pt)
072 ## - CÓDIGO DE CATEGORIA DE ASSUNTO
Código de Categoria de Assunto F30
100 1# - ENTRADA PRINCIPAL--NOME PESSOAL
Nome pessoal Arf, O.
100 1# - ENTRADA PRINCIPAL--NOME PESSOAL
Nome pessoal Seno, S.
100 1# - ENTRADA PRINCIPAL--NOME PESSOAL
Nome pessoal Paes, L.A.D.
100 1# - ENTRADA PRINCIPAL--NOME PESSOAL
Nome pessoal Pereira, G.T.
100 1# - ENTRADA PRINCIPAL--NOME PESSOAL
Nome pessoal Matos, A.M. de
245 1# - TÍTULO
Título Comportamento de cultivares de trigo (Triticum aestivum L.)conduzidos em regime de irrigacao, na regiao de Selviria-MS
650 ## - ASSUNTO--TERMO TÓPICO
Cabeçalho tópico ou nome geográfico TRIGO
650 ## - ASSUNTO--TERMO TÓPICO
Cabeçalho tópico ou nome geográfico VARIEDADE
650 ## - ASSUNTO--TERMO TÓPICO
Cabeçalho tópico ou nome geográfico IRRIGACAO
650 ## - ASSUNTO--TERMO TÓPICO
Cabeçalho tópico ou nome geográfico MELHORAMENTO GENETICO VEGETAL
650 ## - ASSUNTO--TERMO TÓPICO
Cabeçalho tópico ou nome geográfico MATO GROSSO DO SUL
773 0# - ENTRADA ANALÍTICA
Título Ciencia Agronomica. Jaboticabal (Brazil)
ISSN - International Standard Serial Number
Partes relacionadas (1989), v. 4(1) p. 13-15
Número de controle do registro BR9201486
909 ## -
-- 202311
-- Lúcia
-- 55
-- Lúcia Elande
942 ## - ELEMENTOS DE ENTRADA ADICIONADOS (KOHA)
Fonte da classificação ou esquema de arquivamento na estante Classificação AGRIS
Ocultar no OPAC Não
Tipo de material Koha Analítica
Exemplares
Situação do descarte Fonte da classificação ou esquema de arquivamento na estante Situação física Não pode ser emprestado Biblioteca de origem Biblioteca atual Localização na estante Enumeração do periódico / cronologia Total de empréstimos Data de último acesso Número do exemplar Tipo de material Koha Fonte de aquisição
  Classificação AGRIS   Consulta local Biblioteca Nacional de Agricultura - Binagri Biblioteca Nacional de Agricultura - Binagri   (1989), v. 4(1) p. 13-15   29/11/2023 01 Periódicos Portaria Interministerial nº 164/94

BINAGRI

Telefone: (61)3218-2567/2388/3357/2097 - binagri@agro.gov.br

Ministério da Agricultura e Pecuária , Esplanada dos Ministérios, Bloco D, Anexo B, Brasília/DF, CEP: 70.043-900